| 000 | 00000nam##2200000za#4500 |
| 001 | 9.643160 |
| 003 | CaOODSP |
| 005 | 20210624224036 |
| 007 | cr ||||||||||| |
| 008 | 150407|2002||||xxc|||||o f|0| 0 fre|d |
| 040 | |aCaOODSP|bfre |
| 043 | |an-cn--- |
| 086 | 1 |aEn84-117/2002F-PDF |
| 110 | 1 |aCanada. |bEnvironnement Canada. |
| 245 | 10|aSommaire technique du progrès réalisé par le Réseau de mesure des dépôt atmosphériques (RMDA), 1997-2002 / |h[ressource électronique]|c[publié par] l'États-Unis-Canada Comité directeur scientifique du RMDA. |
| 246 | 1 |aMis en oeuvre de l'Accord sur la qualité de l'eau des Grands Lacs |
| 260 | |aOttawa - Ontario : |bEnvironnement Canada |cOctobre 2002. |
| 300 | |a92p.|bfigures, graphiques, cartes (certaines en couleur), références, tableaux |
| 590 | |a14-21-Supp|b2014-12-11 |
| 691 | 07|aProduit toxique|2gcpds |
| 691 | 07|aProtection de l'environnement|2gcpds |
| 691 | 07|aQualité de l'eau|2gcpds |
| 775 | 08|tTechnical summary of progress of the Integrated Atmospheric Deposition Network (IADN), 1997-2002 / |w(CaOODSP)9.699079 |
| 856 | 40|ahttp://publications.gc.ca|qPDF|s1.44 Mo|uhttps://publications.gc.ca/collections/collection_2014/ec/En84-117-2002-fra.pdf |